000 01174nam a22002177a 4500
999 _c59337
_d59337
003 Ge_BSU
005 20230124165352.0
008 230124s2022 ge ||||| |||| 00| 0 geo d
020 _a9789941847776
041 _ageo
080 _a338 : 339.13.012.42 ს-98
100 _aსქულანდი, კენ
_96667
245 _aჯონათან გალიბლის თავგადასავალი :
_bთავისუფალი ბაზრის ოდისეა /
_cკენ სქულანდი; მთარგმნ.:ირაკლი მჟავანაძე, ვანდა შიუკაშვილი; რედ. თემურ იობაშვილი.
264 _aთბილისი,
_c2022.
300 _a179 გვ.
_b21 სმ.
653 _aთავისუფალი ბაზარი
700 _aმჟავანაზე, ირაკლი
_eმთარგმნელი
_916774
700 _aშიუკაშვილი, ვანდა
_eმთარგმნელი
_96669
700 _aიობაშვილი, თემურ
_eრედაქტორი
_99945
942 _2udc
_cBK